000 01011nam a2200169Ia 4500
008 220216s9999 xx 000 0 und d
100 _aHusain Kazmi S M
245 0 _aWood anatomy of exotics grown in India 1. Hevea brasiliensis Muell Arg (Euphorbiaceae)
260 _bJournal of the Timber Development Association(India)
_c1988
300 _a18-21
520 _aA brief illustrated account of the general features and gross and microscopic structure of the wood of Hevea brasiliensis, based on a study of samples from 25-30 yr old tapped trees from Kerala, and from the Forest Research Institute wood collection. The wood is described as similar to that of Trevia nudiflora in appearance and gross structure, but can be distinguished under the microscope as the latter species has larger inter-vessel pits, thinner rays mostly up to 3-seriate, and no crystals in the parenchyma.
650 _aHevea brasiliensis
650 _aRubberwood
650 _aWood anatomy
700 _aRoop Singh
942 _cBO
999 _c47985
_d47985